[Event "GER-ch U12"]
[Site "Willingen"]
[Date "2001.06.04"]
[Round "4"]
[White "Bui, Mitchell"]
[Black "Leinenbach, Janine"]
[Result "1-0"]
[WhiteElo "1232"]
[BlackElo "943"]
[PlyCount "137"]
[EventDate "2001.06.03"]
[EventType "swiss"]
[EventRounds "11"]
[EventCountry "GER"]
[SourceTitle "EXT 2003"]
[Source "ChessBase"]
[SourceDate "2002.11.25"]
[SourceVersion "1"]
[SourceVersionDate "2002.11.25"]
[SourceQuality "1"]

1. Nf3 Nc6 2. d4 d5 3. g3 Bf5 4. Bg2 e6 5. a3 Nge7 6. 0-0 g6 7. Bf4 Bg7 8. Nbd2 Nxd4 9. Nxd4 Bxd4 10. c3 Bg7 11. Nf3 0-0 12. Qb3 b6 13. Rfd1 Qc8 14. Nh4 Rd8 15. Rd2 e5 16. Bg5 f6 17. Be3 Be6 18. Qc2 Rb8 19. Nf3 c5 20. b4 d4 21. Rad1 Qc7 22. cxd4 Bf5 23. Qc1 exd4 24. Bf4 Qc8 25. Bxb8 Qxb8 26. bxc5 bxc5 27. Qxc5 Bf8 28. Qc4+ Kg7 29. Nxd4 Qc8 30. Qxc8 Rxc8 31. Nxf5+ Nxf5 32. Rd7+ Kh6 33. Rxa7 Bc5 34. Ra5 Ng7 35. e3 Ne6 36. Rc1 Rc7 37. Bd5 Bb6 38. Rxc7 Nxc7 39. Ra8 Nxa8 40. Bxa8 Kg5 41. Bc6 Kf5 42. Kg2 Ke5 43. a4 g5 44. g4 f5 45. Kf3 f4 46. exf4+ gxf4 47. h4 Kf6 48. Ke2 Ke5 49. f3 Bd8 50. g5 Ke6 51. Kd3 Kf7 52. Kc4 Kg6 53. Be4+ Kg7 54. Kb5 h6 55. a5 Bc7 56. a6 Bb8 57. Kc6 Ba7 58. Kb7 Be3 59. a7 Bxa7 60. Kxa7 hxg5 61. hxg5 Kf7 62. Kb7 Kg7 63. Kc7 Kf7 64. Kd7 Kg7 65. Ke7 Kh8 66. g6 Kg8 67. Kf6 Kh8 68. g7+ Kg8 69. Bd5+ 1-0